[Event "Asheboro Open 53"]
[Site "?"]
[Date "2010.01.09"]
[Round "3"]
[White "Mabe, Chris"]
[Black "Holmes, Adam"]
[Result "1-0"]
[WhiteElo "2258"]
[BlackElo "2070"]
[Annotator "Rybka 3 (90s)"]
[PlyCount "63"]
[SourceDate "2006.11.11"]

{A19: English Opening: Flohr-Mikenas System with 3...c5} 1. c4 Nf6 2. Nc3 e6 {
Prevents intrusion on d5} (2... e5 3. Nf3 $11) 3. e4 c5 4. e5 Ng8 5. Nf3 Nc6 6.
d4 cxd4 7. Nxd4 Nxe5 8. Ndb5 Bc5 (8... a6 $5 {should be examined more closely}
9. Nd6+ Bxd6 10. Qxd6 Nc6 $11) 9. Ne4 {White threatens to win material: Ne4xc5}
(9. Bf4 f6 10. Bxe5 fxe5 11. Qh5+ Kf8 12. Qxe5 d6 13. Qf4+ Qf6 $16) 9... Qb6 (
9... Be7 10. Bf4 f6 11. Nbd6+ Kf8 12. Bxe5 fxe5 13. Qf3+ Nf6 14. O-O-O $14) 10.
a3 {Black has a cramped position. Black's piece can't move: c8} (10. Nxc5 Qxc5
11. Be3 Qc6 12. Nxa7 Rxa7 13. Bxa7 Ne7 $16) 10... Nf6 (10... a6 $5 11. Nbd6+
Bxd6 12. Nxd6+ Ke7 $14) 11. Nxc5 $16 Qxc5 12. b4 {
White threatens to win material: b4xc5} (12. Be3 Qc6 13. Qd4 $14) 12... Qc6 $14
13. Nd6+ Ke7 14. c5 {White has a king attack} Ne8 (14... b6 15. Bf4 Ng6 16. Be3
$14) 15. Bb2 (15. f4 $5 Ng6 16. f5 Nxd6 17. Qxd6+ (17. fxg6 $6 Nf5 $11) 17...
Qxd6 18. cxd6+ Kxd6 19. fxg6 hxg6 20. Bd3 $18) 15... f6 {Controls e5} 16. Bxe5
fxe5 17. Nc4 {White threatens to win material: Nc4xe5} (17. Nxe8 $142 $5 Qe4+
18. Be2 Kxe8 19. O-O $16) 17... Qe4+ $11 18. Ne3 a5 {
Black threatens to win material: a5xb4} 19. b5 {Black's piece can't move: c8} (
19. Rb1 axb4 20. Rxb4 Qc6 $11) 19... b6 {
Black prepares a4. Black threatens to win material: b6xc5} (19... Qd4 20. Qc1
$11) 20. Rc1 (20. cxb6 Bb7 $11) 20... bxc5 $15 21. Rc4 {
White threatens to win material: Rc4xe4} Qb7 22. Rxc5 d6 23. Rc1 a4 (23... Bd7
24. Be2 $15) 24. Qg4 Bd7 {Black threatens to win material: Bd7xb5} 25. Bd3 g6 {
Covers f5} (25... Rf8 26. Qg5+ (26. Bxh7 $143 Nf6 27. Qg5 Qxb5 $17) 26... Rf6
27. O-O $11) 26. O-O {White has a king attack} Nf6 {
Black threatens to win material: Nf6xg4} (26... Bxb5 $2 {doesn't solve anything
} 27. Rb1 Nf6 28. Qh4 $18 (28. Rxb5 $2 {looks very tantalising, but} Qxb5 29.
Bxb5 Nxg4 30. Nxg4 Rhc8 $19)) 27. Qb4 Rhb8 $2 (27... Rhc8 28. Nc4 Qd5 29. Rfd1
$11) 28. Qh4 (28. Rfd1 $142 Rd8 29. Nc4 $16) 28... Kf7 $4 (28... Rg8 $142 $11 {
and Black can hope to live}) 29. Nc4 (29. Ng4 $142 {seems even better} Nh5 30.
Be4 $18) 29... Ke7 $4 {terrible, but the game is lost in any case} (29... Kg7
$142 30. Nxd6 Qb6 $18) 30. Nxd6 g5 (30... Qb6 {doesn't get the bull off the ice
} 31. Ne4 Rf8 32. Nxf6 Rxf6 33. Qxh7+ Rf7 34. Qh4+ g5 35. Qxg5+ Rf6 36. Be2 $18
) 31. Qb4 (31. Qh6 $142 {secures the win} Kxd6 32. Qxf6 Rf8 33. Qxg5 Rg8 $18)
31... Qd5 (31... Nd5 {desperation} 32. Qc5 Qc7 33. Nf5+ Kf6 34. Qxc7 Nxc7 35.
Rxc7 Bxb5 36. Bxb5 Rxb5 $18) 32. Nf5+ (32. Nf5+ Kf7 33. Qe7+ Kg6 34. Qg7+ Kh5
35. Qh6+ Kg4 36. Ne3+ Kf4 37. Qxf6#) 1-0

[Event "Asheboro Open 53"]
[Site "?"]
[Date "2010.01.09"]
[Round "2"]
[White "Fuerstman, Leland"]
[Black "Mabe, Chris"]
[Result "0-1"]
[WhiteElo "2016"]
[BlackElo "2258"]
[Annotator "Rybka 3 (90s)"]
[PlyCount "64"]
[SourceDate "2006.11.11"]

{B78: Sicilian Dragon: Yugoslav Attack, 9 Bc4 Bd7 10 0-0-0 Rc8} 1. e4 c5 2. Nf3
d6 {Secures e5} 3. d4 cxd4 4. Nxd4 {
Black is behind in developement. Black's piece can't move: f8} Nf6 {
Black threatens to win material: Nf6xe4} 5. Nc3 g6 {Prevents intrusion on f5}
6. Be3 {Black is behind in developement} Bg7 7. f3 {Covers g4} Nc6 8. Qd2 O-O
9. Bc4 (9. O-O-O Qa5 $11) 9... Bd7 10. O-O-O Rc8 11. Bb3 Ne5 (11... Na5 12.
Rhe1 $11) 12. g4 (12. Kb1 Qa5 $11) 12... Nc4 (12... b5 13. a3 $11 (13. Ndxb5
$143 Nxf3 14. Qg2 Bxg4 $17)) 13. Bxc4 $14 Rxc4 {Black has the pair of bishops}
14. Nde2 (14. Kb1 Qb8 $14) 14... b5 15. e5 {
White threatens to win material: e5xf6} Ne8 16. exd6 ({Instead of} 16. Bxa7 Qa5
17. Qe3 b4 $17) 16... Nxd6 17. Bh6 (17. Bd4 f6 18. Kb1 Qa8 $11) 17... Bc6 (
17... Bxh6 $5 18. Qxh6 Bc6 $11) 18. Bxg7 $11 Kxg7 {Black king safety dropped}
19. b3 {White threatens to win material: b3xc4} Qa5 20. bxc4 (20. Rhf1 $142 $5
{is worthy of consideration} Kg8 21. Kb1 $11) 20... Nxc4 $17 {
The knight dominates} 21. Qd4+ e5 {Black has a mate threat} 22. Qc5 Rc8 (22...
Bxf3 $142 23. a3 Bxh1 24. Rxh1 Rc8 $17) 23. Rdf1 $4 {ruins a very nice position
} (23. Rd3 $142 $5 {is worth looking at} Rc7 24. Rg1 Bxf3 25. Qxb5 Qa3+ 26. Kd1
Nb2+ 27. Kd2 Nxd3 28. cxd3 $14) 23... Rc7 (23... Bxf3 {seems even better} 24.
Qxc4 Rxc4 25. Rxf3 $19) 24. Kd1 $4 (24. a3 Bb7 25. Qb4 $11 (25. Qxb5 $2 {
fails to} Qxa3+ 26. Kd1 Ba6 $19)) 24... Be8 (24... Bxf3 $142 {
it becomes clear that Black will call all the shots} 25. Qxc4 Rxc4 (25... bxc4
$6 26. Rxf3 Rb7 27. Rg1 $17) 26. Rxf3 b4 $19) 25. Qg1 b4 26. Ke1 (26. Ne4 Nb2+
27. Kd2 Bb5 $19) 26... bxc3 27. Qg3 $4 {leading to a quick end} (27. Kf2 Rd7
28. Kg3 $19) 27... Ne3 (27... Qc5 $5 {might be the shorter path} 28. Qg1 Ne3
29. Kf2 $19) 28. Kf2 Qc5 29. Qh3 (29. Kg1 {the last chance for counterplay} Bb5
30. Rf2 $19) 29... Nxf1+ 30. Kxf1 Qe3 31. g5 (31. Qg3 {
there is nothing else anyway} Rd7 32. Kg2 Qxe2+ 33. Qf2 $19) 31... Bb5 (31...
Rd7 32. Qg3 Rd1+ 33. Kg2 Qxe2+ 34. Qf2 Qxf2+ 35. Kxf2 Rxh1 36. f4 Rxh2+ 37. Kf3
Rxc2 38. Ke4 Rg2 39. f5 c2 40. Kxe5 c1=Q 41. Ke4 Bc6+ 42. Kd3 Qa3+ 43. Kd4 Rg4+
44. Ke5 Qg3#) 32. Qg2 Rd7 (32... Rd7 33. Qf2 Qxg5 $19) 0-1

[Event "Asheboro Open 53"]
[Site "?"]
[Date "2010.01.09"]
[Round "2"]
[White "Mabe, Chris"]
[Black "Campbell, William"]
[Result "1-0"]
[WhiteElo "2258"]
[BlackElo "1900"]
[Annotator "Rybka 3 (90s)"]
[PlyCount "77"]
[SourceDate "2006.11.11"]

{E97: King's Indian: Classical Main Line (6...e5 7 0-0 Nc6): 8 Be3 and 8 d5
Ne7, not 9 Ne1} 1. c4 Nf6 2. Nc3 g6 (2... c5 3. Nf3 $11) 3. e4 (3. d4 Bg7 $11)
3... d6 (3... c5 4. Nf3 $11) 4. d4 Bg7 5. Nf3 {Black has a cramped position}
O-O 6. Be2 e5 7. O-O (7. dxe5 dxe5 8. O-O Nc6 $11) 7... Nc6 (7... exd4 8. Nxd4
Re8 9. f3 $11) 8. d5 {White threatens to win material: d5xc6} Ne7 (8... Nb8 9.
Be3 $14) 9. b4 (9. h3 Ne8 $14) 9... Nh5 10. Re1 f5 {
Trying to unravel the pawn chain} 11. Ng5 {Black has a cramped position} (11.
h3 a5 12. bxa5 fxe4 13. Nxe4 Rxa5 $14) 11... Nf6 (11... Nf4 12. Bxf4 exf4 13.
Rc1 $14) 12. Bf3 (12. Qd3 h6 13. Ne6 Bxe6 14. dxe6 fxe4 15. Nxe4 Nxe4 16. Qxe4
c6 $11) 12... f4 {Black wins space} (12... fxe4 13. Ngxe4 Nf5 14. Nxf6+ Bxf6
15. Rb1 $11) 13. b5 {White gets more space} (13. Qb3 h6 14. Ne6 Bxe6 15. dxe6
Nc6 $14) 13... b6 14. a4 a5 15. bxa6 (15. Ne6 Bxe6 16. dxe6 h5 $14) 15... h6
16. Ne6 Bxe6 17. dxe6 Nc6 18. Nd5 Nxd5 $2 (18... Rxa6 $5 {
deserves consideration} 19. Bg4 Re8 $11) 19. cxd5 (19. exd5 Nd4 $16) 19... Nd4
20. Bb2 (20. Be2 Nxe2+ 21. Qxe2 Qc8 $16) 20... Nxf3+ 21. Qxf3 Rxa6 22. Rec1 Re8
23. Rc4 Re7 24. Rac1 Qb8 (24... Ra7 25. Qd3 $16) 25. Qb3 (25. g3 g5 $16) 25...
Bf6 26. Bc3 Rg7 27. Bd2 Kh7 (27... Qd8 28. g3 g5 29. Qb5 $16) 28. Qb5 {
White intends a5} Ra7 29. a5 Rb7 30. Rb1 Qd8 31. Rc6 Rb8 $2 (31... Qa8 $18) 32.
axb6 Rxb6 (32... cxb6 33. Rxb6 Rc8 34. h3 $18) 33. Rxb6 cxb6 34. Qxb6 Qxb6 (
34... g5 {desperation} 35. h3 Kg6 $18) 35. Rxb6 Ra7 36. Kf1 Ra2 (36... Be7 {
is not the saving move} 37. Bb4 $18) 37. Ke2 (37. Bb4 {
makes it even easier for White} g5 38. Bxd6 g4 $18) 37... f3+ (37... Kg7 {
cannot change destiny} 38. Rb7+ Kg8 39. f3 $18) 38. gxf3 Bg5 39. e7 (39. e7
Rxd2+ 40. Ke1 Bxe7 41. Kxd2 $18) 1-0

[Event "Asheboro Open 53"]
[Site "?"]
[Date "2010.01.09"]
[Round "2"]
[White "Taylor, Joshua"]
[Black "McCartney, Patrick"]
[Result "0-1"]
[WhiteElo "1744"]
[BlackElo "2018"]
[Annotator "Rybka 3 (90s)"]
[PlyCount "80"]
[SourceDate "2006.11.11"]

{A90: Dutch Defence: Miscellaneous and Modern Stonewall (with ...Bd6)} 1. Nf3
f5 2. c4 Nf6 3. Nc3 e6 {Covers d5} 4. g3 c6 {Consolidates b5+d5} (4... c5 5.
Bg2 $14) 5. Bg2 d5 6. d4 Bd6 7. b3 (7. O-O O-O $14) 7... b6 8. O-O O-O 9. e3 {
Prevents intrusion on f4} (9. Rb1 Bb7 $11) 9... Qe7 10. a3 {Controls b4} (10.
Bb2 Nbd7 $11) 10... Nbd7 11. Bb2 Kh8 (11... Ne4 12. Bh1 $11) 12. Qc2 (12. Ne2
Bb7 $11) 12... Ba6 13. Ne2 Rac8 14. Rfc1 Ne4 15. Ne5 Ndf6 (15... Bb7 16. Nf4
Nxe5 17. dxe5 $11) 16. f3 {White threatens to win material: f3xe4} Ng5 17. Nf4
(17. Qd2 dxc4 18. Nxc4 Bb8 $11) 17... Bxe5 (17... Kg8 18. Qd2 $11) 18. dxe5 $14
{White has the pair of bishops} Nd7 19. cxd5 (19. a4 dxc4 20. bxc4 Bb7 $14)
19... cxd5 20. Qd2 Nc5 {Black threatens to win material: Nc5xb3} 21. Qd1 (21.
Qb4 Rfe8 $14) 21... Nf7 22. b4 {White threatens to win material: b4xc5} (22. a4
Rfe8 $14) 22... Nd7 {Black threatens to win material: Nd7xe5} 23. Nh5 (23. Rxc8
Bxc8 24. Nd3 Ba6 $14) 23... Kg8 ({Less advisable is} 23... Nfxe5 24. f4 $18)
24. f4 Bc4 {A beautiful square!} 25. g4 fxg4 26. Qxg4 {White has a mate threat}
Nh6 {Black threatens to win material: Nh6xg4} 27. Qh3 Nf5 28. e4 dxe4 29. Bxe4
b5 {White has an active position} 30. Ng3 g6 {Secures f5} 31. Nxf5 gxf5 32. Bf3
Kh8 33. Kh1 Rg8 34. Rg1 Bd3 (34... Nb6 35. Bd4 $11) 35. Rxg8+ Rxg8 36. Bc6 (36.
Bd4 Nb6 $14) 36... Be4+ (36... Nc5 $5 37. bxc5 Qxc5 $11) 37. Bxe4 $14 fxe4 38.
f5 (38. Qe3 $142 $14) 38... e3 $2 {He broke from his leash} (38... Nb6 $142 39.
Bd4 Qd8 40. Bxb6 Qxb6 41. fxe6 e3 $11) 39. f6 $4 {
an unfortunate move that relinquishes the win} (39. Qxe3 $142 {
and White gets the upper hand} Nf6 40. Qf3 $18) 39... Nxf6 $1 $19 {
Clearance: d7} 40. exf6 (40. exf6 Qb7+ {Clearance} (40... Qb7+ {Mate attack}))
(40. -- Qb7+ {Mate threat}) 40... Qb7+ (40... Qb7+ 41. Qg2 Qxg2#) 0-1

[Event "Asheboro Open 53"]
[Site "?"]
[Date "2010.01.09"]
[Round "1"]
[White "McCartney, Patrick"]
[Black "Ahmed, Zakir"]
[Result "1-0"]
[WhiteElo "2018"]
[BlackElo "1865"]
[Annotator "Rybka 3 (90s)"]
[PlyCount "89"]
[SourceDate "2006.11.11"]

{D90: Grünfeld: 4 Nf3 Bg7 sidelines} 1. d4 c6 2. c4 d5 3. cxd5 cxd5 4. Nf3 Nf6
5. Nc3 g6 (5... Nc6 6. Qb3 $11) 6. Bf4 a6 {Consolidates b5} 7. e3 Bg7 8. Bd3
O-O (8... Nc6 9. Qb3 $14) 9. Rc1 (9. h3 Nc6 $14) 9... Nc6 10. h3 {Covers g4}
Bd7 11. O-O b5 12. Ne2 (12. Ne5 e6 $14) 12... Rc8 13. Nd2 (13. Qb3 Re8 $14)
13... Nb4 (13... Nh5 14. Bh2 $11) 14. Bb1 Rxc1 (14... Qb6 15. Nc3 $14) 15. Nxc1
(15. Qxc1 Qb6 $14) 15... Qc8 16. Ncb3 Bf5 17. Nc5 {
The white knight on an outpost} Bxb1 18. Qxb1 a5 (18... Nh5 $5 19. Bh2 e5 $14)
19. Rc1 Qa8 20. a3 Na6 (20... Nc6 21. Qd3 Na7 22. Qc3 $16) 21. Qd3 Qc6 $2 (
21... Nxc5 22. Rxc5 b4 23. Nb3 $16) 22. Ncb3 $4 {
White threatens to win material: Nb3xa5. releasing the pressure on the opponent
} (22. a4 Nxc5 23. Rxc5 $18 (23. dxc5 $143 bxa4 24. Be5 Nd7 25. Bxg7 Kxg7 $15))
22... Qb6 $16 23. Nf3 Ne4 24. Ne5 Bxe5 (24... Nb8 25. Nd2 Nd6 26. Rc5 $16) 25.
Bxe5 (25. dxe5 Rd8 $16) 25... a4 {This push gains space} 26. Nd2 Nxd2 27. Qxd2
Rd8 (27... b4 28. Qe2 $16) 28. Qc2 $16 f6 29. Bc7 Qxc7 30. Qxc7 Nxc7 31. Rxc7
Rb8 $2 (31... Kf7 $142 $5 $16) 32. Rxe7 $18 b4 (32... Rc8 33. Rb7 Rc1+ 34. Kh2
$18) 33. Ra7 bxa3 34. bxa3 h5 35. Rxa4 h4 (35... Kf7 36. Ra7+ Ke6 37. a4 $18)
36. Rb4 (36. Kf1 $142 $5 {keeps an even firmer grip} Kf7 $18) 36... Rc8 37. Rb2
(37. a4 Ra8 $18) 37... Ra8 (37... Rc1+ 38. Kh2 Ra1 39. Rb5 $18) 38. Ra2 Ra4 39.
Kf1 Kf7 40. Ke2 Ke6 41. Kd3 Kd6 42. Kc3 Rc4+ 43. Kb2 Kc6 (43... f5 44. a4 $18)
44. Ra1 (44. Kb3 $142 $18 {and White has it in the bag}) 44... Kb5 (44... Ra4
$18) 45. Rc1 1-0

[Event "Asheboro Open 53"]
[Site "?"]
[Date "2010.01.09"]
[Round "3"]
[White "Hogue, Tanner"]
[Black "McCartney, Patrick"]
[Result "0-1"]
[WhiteElo "1906"]
[BlackElo "2018"]
[Annotator "Rybka 3 (90s)"]
[PlyCount "56"]
[SourceDate "2006.11.11"]

{C28: Vienna Game: 2...Nf6 3 Bc4 Nc6} 1. e4 e5 2. Bc4 Nf6 3. d3 {Covers e4} Nc6
4. Nc3 Na5 5. Bb3 c6 {Secures b5+d5} (5... Bc5 6. Nf3 d6 7. O-O $11) 6. f4 d6
7. h3 {Prevents intrusion on g4} Qc7 8. Nf3 Be7 9. O-O O-O 10. Qe1 b5 (10...
Nh5 11. Ne2 $11) 11. Ne2 c5 12. Bd2 Nxb3 13. axb3 ({Worse is} 13. cxb3 c4 $15)
13... c4 (13... exf4 14. Nxf4 Re8 15. Kh1 $14) 14. bxc4 bxc4 15. fxe5 (15. Be3
Qb8 $14) 15... dxe5 16. Bc3 cxd3 17. cxd3 Nd7 18. Qg3 f6 {Controls g5} 19. Kh1
(19. d4 Bd6 20. dxe5 fxe5 $11) 19... Nc5 {
Black threatens to win material: Nc5xd3} 20. Nd2 (20. Nh4 Qd6 21. Rad1 Rb8 $11)
20... Bb7 (20... Qd6 21. Rf3 $15) 21. b4 (21. d4 $5 {is an interesting idea}
Nd7 22. d5 $11) 21... Ne6 $15 22. Qg4 {White threatens to win material: Qg4xe6}
Bc8 23. Qg3 (23. Qf3 Qd7 24. Nc4 Rb8 $15) 23... Nf4 $1 $17 {Deflection: f4} 24.
Rxf4 (24. Nxf4 Qxc3 {Deflection}) 24... exf4 25. Qxf4 Qxf4 26. Nxf4 Bd6 27. Nd5
Bb7 28. Nc4 Rfd8 0-1

[Event "Asheboro Open 53"]
[Site "?"]
[Date "2010.01.09"]
[Round "1"]
[White "Smith, Damon"]
[Black "Fuerstman, Leland"]
[Result "0-1"]
[WhiteElo "1828"]
[BlackElo "2016"]
[Annotator "Rybka 3 (90s)"]
[PlyCount "40"]
[SourceDate "2006.11.11"]

{D03: 1 d4 d5 2 Nf3 Nf6 3 Bg5, including Torre Attack with early ...d5} 1. d4
d5 2. Nf3 Nf6 3. Bg5 (3. Bf4 Bf5 $11) 3... Ne4 4. Bh4 (4. Be3 Nc6 $11) 4... c6
(4... c5 5. c3 $11) 5. e3 Qb6 6. Qc1 Nd7 7. c4 (7. Bd3 Ndf6 $11) 7... dxc4 (
7... e5 8. Nc3 $11 (8. Nxe5 $143 Nxe5 9. dxe5 g5 $17)) 8. Bxc4 g5 {
Black threatens to win material: g5xh4} 9. Bg3 g4 (9... Ndf6 $11) 10. Ne5 {
White threatens to win material: Ne5xg4} (10. Nfd2 $5 {
is worthy of consideration} Nd6 11. Be2 $14) 10... Qb4+ $15 11. Nd2 $4 (11. Ke2
$142 {was a good chance to save the game} Nxg3+ 12. hxg3 Nxe5 13. dxe5 $15)
11... Nxe5 $19 12. Bxe5 f6 13. Bc7 $6 {offers little resistance} (13. Bxf6 exf6
(13... Nxf6 $6 14. Qc2 $19) 14. a3 Qxd2+ 15. Qxd2 Nxd2 16. Kxd2 Bd7 $19) 13...
Nxd2 14. Qxd2 Qxc4 15. Rc1 Qa6 (15... Qxa2 {and Black can already relax} 16.
O-O $19) 16. d5 (16. b3 {does not win a prize} Be6 $19) 16... Bd7 17. d6 (17.
Rc3 {does not help much} cxd5 18. Qxd5 Bg7 $19) 17... exd6 18. Qd4 (18. Bxd6 {
cannot change destiny} O-O-O 19. Bxf8 Rhxf8 $19 (19... Rdxf8 $143 20. Qd6 $19))
18... Be7 (18... c5 $142 $5 {keeps an even firmer grip} 19. Qxf6 Rg8 20. Qh4
$19) 19. Bxd6 Bxd6 20. Qxf6 (20. Qxd6 {desperation} Rf8 21. Qb4 $19) 20... Qa5+
(20... Qa5+ 21. Kf1 Qb5+ 22. Kg1 Be5 $19) 0-1

[Event "The Asheboro Open 52"]
[Site "?"]
[Date "2009.12.05"]
[Round "3"]
[White "High, David"]
[Black "Spurrier, Robert"]
[Result "0-1"]
[WhiteElo "1959"]
[BlackElo "1980"]
[Annotator "Rybka 3 (120s)"]
[PlyCount "134"]
[SourceDate "2006.11.11"]

{B06: Modern Defence} 1. e4 g6 2. d4 Bg7 3. Nf3 d6 4. Be3 {
Black is behind in developement} Nc6 5. Nc3 Bg4 {
White has a very active position} (5... Nf6 6. d5 Nb8 7. h3 $14) 6. Be2 e5 (
6... Nf6 7. Qd2 $14) 7. d5 {White gains space} (7. dxe5 dxe5 8. O-O Bxf3 9.
Bxf3 Nd4 $14) 7... Nce7 (7... Bxf3 8. gxf3 Nd4 9. Qd2 $14) 8. h3 {
White threatens to win material: h3xg4} Bd7 9. g4 h6 {
Black has a cramped position} 10. Qd2 f5 (10... Nf6 $5 $14 {is worth looking at
}) 11. gxf5 $16 gxf5 12. Rg1 Bf6 13. exf5 (13. O-O-O Qc8 $16) 13... Bxf5 14.
Nh2 Bxh3 (14... h5 15. O-O-O a6 16. f4 exf4 17. Bxf4 $16) 15. Bh5+ Kf8 $2 (
15... Kd7 $142 $5 $16) 16. Ng4 (16. O-O-O Bg7 17. Ng4 Nf5 $18) 16... Nf5 17.
Ne4 (17. O-O-O Ng7 18. Bg6 Bxg4 19. Rxg4 Ke7 $18) 17... Bg7 18. Bg6 $4 {
White threatens to win material: Bg6xf5. gives the opponent new chances} (18.
Qe2 $142 $5 Qh4 19. Bg6 $18) 18... Nge7 (18... Nh4 $142 $5 {
should be investigated more closely} 19. Qe2 Ne7 $15) 19. Bxf5 $14 Nxf5 {
Black has the pair of bishops} 20. Qe2 (20. O-O-O $142 $14) 20... Qh4 $4 (20...
Qd7 $142 $14 {was necessary}) 21. Qf3 $18 Qh5 22. Rg3 $4 {
overlooking an easy win} (22. Rh1 $142 {
and the result of the game is clear: White will win} Qxg4 23. Rxh3 $18) 22...
Bxg4 $11 23. Rxg4 Qf7 24. O-O-O h5 25. Rgg1 (25. Rg2 Nxe3 26. Qxf7+ Kxf7 27.
fxe3 Bh6 $11) 25... Nxe3 26. Qxf7+ (26. Qxe3 Bh6 27. Ng5 Bxg5 28. Qxg5 Rg8 $15)
26... Kxf7 $15 27. fxe3 Bh6 {Black threatens to win material: Bh6xe3} (27...
Rag8 28. Rdf1+ Ke7 29. Kd2 $15) 28. Kd2 $11 Raf8 {
Begins the manoeuvre Ra8-f8-f5-g5-g4} 29. Kd3 (29. Ke2 Ke7 $11) 29... Ke7 30.
Rh1 {White threatens to win material: Rh1xh5} Rf5 31. Rde1 (31. Rh3 Bf8 $11)
31... Bg7 (31... Kd7 $15) 32. Ng3 $2 (32. Rh3 h4 $11) 32... Rg5 {
Black threatens to win material: Rg5xg3} (32... e4+ $5 33. Kxe4 Re5+ 34. Kf3
Rxd5 $17) 33. Ne4 $15 {
White threatens to win material: Ne4xg5. The knight likes it on e4} Rg4 {
Menacing} (33... Rg2 34. Re2 Rxe2 35. Kxe2 $15) 34. Ref1 (34. Rh2 c6 35. c4 b5
$11) 34... h4 35. Rh3 (35. Rh2 Kd8 $15) 35... c6 (35... Kd8 36. Rf7 $17) 36. c4
$15 Rf8 {Black threatens to win material: Rf8xf1} (36... b5 $5 {
must definitely be considered} 37. b3 bxc4+ 38. bxc4 cxd5 39. cxd5 Rb8 $11) 37.
Rfh1 Rg2 (37... Rh8 $11) 38. R1h2 (38. Rxh4 $142 $5 {
and White could well hope to play on} Rxb2 39. Rh7 $14) 38... Rxh2 $15 39. Rxh2
Rh8 40. b3 (40. Ke2 Kd7 $15) 40... Bf6 (40... Kd7 $142 $5 $17) 41. Ke2 b5 42.
Kf3 ({Weaker is} 42. Nxf6 Kxf6 43. dxc6 bxc4 $15) 42... bxc4 43. bxc4 ({
Worse is} 43. dxc6 cxb3 44. axb3 d5 45. Nxf6 Kxf6 $17) 43... a5 (43... cxd5
$142 44. cxd5 Rh6 $11) 44. Nxf6 $4 {White has let it slip away} (44. Rb2 $142
cxd5 45. cxd5 $14) 44... Kxf6 $17 45. Kg4 $4 {another bit of territory lost} (
45. dxc6 $142 h3 46. a3 $17) 45... cxd5 $19 46. cxd5 Rg8+ 47. Kf3 (47. Kh3 {
the only chance to get some counterplay} Kf5 48. Rb2 $19) 47... Rg3+ 48. Kf2
Kg5 49. Rh1 Kg4 50. Rc1 Rf3+ 51. Ke2 Rf6 (51... h3 {and Black can already relax
} 52. Rc8 Rf5 53. Rh8 $19) 52. Rg1+ Kh3 (52... Kh5 {
makes it even easier for Black} 53. e4 h3 54. Rh1 $19) 53. Rg7 (53. Kd3 {
hardly improves anything} Kh2 54. Rg7 h3 $19) 53... Kh2 (53... e4 {
and Black can already relax} 54. a4 $19) 54. Rg8 (54. Re7 {
doesn't get the cat off the tree} h3 55. Re6 Rf5 56. Rxd6 e4 $19) 54... h3 55.
Rg7 (55. Kd3 {is not much help} a4 56. Kc4 $19) 55... Rf8 (55... e4 $5 {
keeps an even firmer grip} 56. Rg4 $19) 56. Rg4 (56. e4 a4 57. Rg6 a3 $19)
56... Rb8 (56... e4 $5 {might be the shorter path} 57. Rg6 a4 58. a3 $19) 57.
Rg6 Rb2+ 58. Kf1 (58. Kf3 Rxa2 59. Rxd6 $19) 58... Rxa2 59. Rxd6 Rd2 (59... a4
$142 {seems even better} 60. Rd8 $19) 60. e4 (60. Ke1 {is still a small chance}
Rd3 61. Ke2 $19) 60... a4 61. Ra6 Kg3 62. Rg6+ Kf3 63. Ke1 Rb2 64. d6 (64. Rf6+
Kxe4 65. Ra6 $19) 64... h2 65. Rh6 h1=Q+ $1 {Decoy: h1} 66. Rxh1 Rb1+ 67. Kd2
Rxh1 (67... Rxh1 68. d7 Rh8 $19) 0-1